000 02044cam a2200541 a 4500
001 23475
003 VRT
005 20260624111950.0
008 240226s2003 xo a jrn 001 0 slo
015 _aSNBA2003/08-02398
020 _a8071457442
035 _aSNK000414544
035 _aurn:nbn:sk:snk-am3iwx2
035 _aE7E09700-BBFE-405B-AC03-52EF5F20800B
035 _aurn:nbn:sk:snk-am00g4sh
039 9 _a202402261608
_bVLOAD
_c202203162235
_dcsnkv18
_c202202271353
_dAUTHORITY
_c202201070913
_dVLOAD
040 _aSNK
_bslo
_cSNK
_eAACR2
041 1 _aslo
_heng
043 _an------
044 _axo
_cSK
072 7 _a39
_xEtnológia. Etnografia. Folklór
_2konspekt
072 7 _a0/9-053.2
_xLiteratúra pre deti a mládež (náučná)
_2konspekt
080 _a39
_22011
080 _a(=8)
_22011
080 _a(03)82-93-053.4/.6
_22011
080 _a94(7)
_22011
100 1 _aBuller, Laura
_4aut
240 1 0 _aNative Americans - an inside look at the tribes and traditions
_lSlovensky
245 1 0 _aIndiáni
_bpôvodní obyvatelia Ameriky
_cLaura Bullerová ; poradca Darren Ranco ; z anglického originálu preložila Miriam Ghaniová
250 _a1. slovenské vydanie
260 _aBratislava
_bSlovart
_c2003
300 _a96 strán
_bfarebné ilustrácie
_c21 cm
490 1 _aMega menu
504 _aBibliografia na strane 92-93 ; poznámky a vysvetlivky ; register ; slovníček ; zoznam
650 0 7 _aetnografia
_2SNKPH
650 0 7 _aIndiáni
_2SNKPH
651 7 _aSeverná Amerika
_2SNKPHgeo
655 7 _apublikácie pre deti a mládež
_2SNKPH
700 1 _aGhaniová, Miriam
_4trl
700 1 _aRanco, Darren
_4oth
830 0 _aMega menu
910 _asnk
942 _2ddc
_cKLDE
_n0
949 _617A0396027
_9P60, <03>, [BOOK], {603}
_asnkSC 112845
_bsnkKSP 11221/2003
_s6100:20210507
949 _617A0396026
_9P60, <04>, [BOOK], {604}
_asnkSC 112845 D1
_bsnkKSP 11222/2003
949 _6270001000215107
_asvkbbA 107977
_bsvkbbm 650811
_p650.811
949 _6273K0480490
_asvkpoA 185900
_bsvkpo464522
999 _c23475
_d23475